2015: NFL Teams with the Least Points - Statistics

General Stats
  • This quiz has been taken 8 times
  • The average score is 9 of 10
Answer Stats
Number of points NFL Team % Correct
320 San Diego Chargers
100%
238 San Francisco 49ers
100%
280 St. Louis Rams
100%
299 Tennessee Titans
100%
328 Baltimore Ravens
88%
335 Chicago Bears
88%
278 Cleveland Browns
88%
310 Miami Dolphins
88%
275 Dallas Cowboys
75%
333 Indianapolis Colts
75%
No matching quizzes found
Score Distribution
Percent of People with Each Score
Percentile by Number Answered
Your Score History
You have not taken this quiz